000 00327nam a2200145 a 4500
008 190522s2010|||| d
100 1 _aMuldaĊĦev Ernst
245 1 0 _aZ koho jsme vznikli?
260 _bTML
_aBA
_c2010
250 _a1.vydanie
300 _a417S.
020 _a9788025483510
_c0
041 _acze
044 _acz
999 _c20729
_d20729